000 02117nam a22002777a 4500
999 _c57141
_d57141
003 Ge_BSU
005 20191129113654.0
008 191129s2019 ge ||||| |||| 00| 0 geo d
020 _a9789941965289 (ყველა ტომის)
020 _a9789941962059 (ტომი 1)
041 _ageo
080 _a94(479.22)"1919.03"+328(479.22) ს-32
245 _aსაქართველოს დამფუძნებელი კრება : სხდომის ოქმები : 7 ტომად.
_b ტ. 1, 1919 წლის 12 მარტი - 27 მაისი /
_cტომის სარედ.საბჭ. ირაკლი იაკობაშვილი ; მზია ხოსიტაშვილი ; ემზარ ჯგერენაია .
264 _aთბილისი :
_b საქ. პარლამენტის ეროვნული ბიბკა,
_c2019.
300 _a613 გვ. ;
_c25 სმ.
500 _aეძღვნება საქართველოს დემოკრატიული რესპუბლიკის დამფუძნებელი კრების 100 წლისთავს.
501 _aპირთა საძიებელი: გვ. 559-606. ადგილთა საძიებელი: გვ. 607-611
504 _aიბლიოგრაფია: გვ. 613.
653 _a1918-1921 წლები -- საქართველოს დემოკრატიული რესპუბლიკა.
653 _aსაქართველოს დამფუძნებელი კრება.
653 _aსაქართველოს მთავრობა.
700 _aიაკობაშვილი, ირაკლი
_eსარედაქციო საბჭო
_95611
700 _aხოსიტაშვილი, მზია
_eსარედაქციო საბჭო
_95612
700 _aჯგერენაია, ემზარ
_eსარედაქციო საბჭო
_95613
942 _2udc
_cBK